Statistics for Top 20 Countries with the highest public debt in 2015 in relation to GDP

Click here to take the quiz!

General Stats

  • This quiz has been taken 55 times
  • The average score is 9 of 20

Answer Stats

HintAnswer% Correct
105.06%United States
100%
97.01%France
94%
99.44%Spain
94%
172.73%Greece
92%
246.14%Japan
90%
133.76%Italy
88%
126.35%Portugal
83%
106.57%Belgium
69%
107.75%Ireland
63%
97.77%Singapore
42%
105.67%Cyprus
38%
131.82%Lebanon
13%
132.82%Jamaica
6%
129.24%Eritrea
4%
102.51%Barbados
4%
121.08%Cape Verde
2%
115.89%Bhutan
2%
106.91%Antigua and Barbuda
2%
100.01%Gambia
0%
107.11%Grenada
0%

Score Distribution

Percentile by Number Answered

Percent of People with Each Score

Your Score History

You have not taken this quiz